Interné zdroje financovania vo vybranom podnikateľskom subjekte diplomová práca

Gespeichert in:
Bibliographische Detailangaben
1. Verfasser: Karasová, Martina
Körperschaft: Národohospodárska fakulta EU. Katedra financií
Weitere Verfasser: Mikócziová, Jana
Format: Buch
Sprache:Slowakisch
Veröffentlicht: Bratislava 2009
Tags: Tag hinzufügen
Keine Tags, Fügen Sie das erste Tag hinzu!

MARC

LEADER 00000nam$a2200000$$$4500
001 0096637
005 20240318141354.4
041 0 |a slo 
044 |a SK 
245 1 0 |a Interné zdroje financovania vo vybranom podnikateľskom subjekte  |b diplomová práca  |c Martina Karasová ; škol. Jana Mikócziová 
264 1 |a Bratislava  |c 2009 
300 |a 65 s. 
100 1 |a Karasová, Martina 
700 1 |a Mikócziová, Jana 
710 2 |a Národohospodárska fakulta EU. Katedra financií